一个不信派的标本: (Record no. 17471)
[ view plain ]
| 000 -LEADER | |
|---|---|
| fixed length control field | 00627nam a2200205Ia 4500 |
| 008 - FIXED-LENGTH DATA ELEMENTS--GENERAL INFORMATION | |
| fixed length control field | 200824s9999||||xx |||||||||||||| ||und|| |
| 020 ## - INTERNATIONAL STANDARD BOOK NUMBER | |
| International Standard Book Number | 0971901600 |
| 020 ## - INTERNATIONAL STANDARD BOOK NUMBER | |
| International Standard Book Number | 9780971901605 |
| 041 ## - LANGUAGE CODE | |
| Language code of text/sound track or separate title | chi |
| 050 ## - LIBRARY OF CONGRESS CALL NUMBER | |
| Classification number | BR1288.T56 |
| Item number | .L39 2003 |
| 100 ## - MAIN ENTRY--PERSONAL NAME | |
| Personal name | 李信源 |
| 245 #0 - TITLE STATEMENT | |
| Title | 一个不信派的标本: |
| Remainder of title | 《丁光训文集》评析 / |
| Statement of responsibility, etc. | 李信源 |
| 246 ## - VARYING FORM OF TITLE | |
| Title proper/short title | 一個不信派的標本 : |
| Remainder of title | 《丁光訓文集》評析/ |
| 260 ## - PUBLICATION, DISTRIBUTION, ETC. | |
| Place of publication, distribution, etc. | Deerfield, Ill. : |
| Name of publisher, distributor, etc. | 生命出版社 |
| Date of publication, distribution, etc. | 2003 |
| 300 ## - PHYSICAL DESCRIPTION | |
| Extent | 157 p. |
| Other physical details | ; |
| Dimensions | 21 cm. |
| 650 ## - SUBJECT ADDED ENTRY--TOPICAL TERM | |
| Topical term or geographic name entry element | Christianity China 20th century. |
| 650 ## - SUBJECT ADDED ENTRY--TOPICAL TERM | |
| Topical term or geographic name entry element | Theology China. |
| 650 ## - SUBJECT ADDED ENTRY--TOPICAL TERM | |
| Topical term or geographic name entry element | Ting, K. H. |
| Withdrawn status | Lost status | Damaged status | Not for loan | Home library | Current library | Shelving location | Date acquired | Total Checkouts | Full call number | Barcode | Date last seen | Date last checked out | Price effective from | Koha item type |
|---|---|---|---|---|---|---|---|---|---|---|---|---|---|---|
| GETS Theological Seminary Library | GETS Theological Seminary Library | General Stacks | 08/24/2020 | 1 | BR1288.T56 .L39 2003 | 00005705 | 12/29/2022 | 11/21/2022 | 08/24/2020 | Chinese Book |